La malquerida : Drama en tres actos y en prosa /
Guardado en:
| Autor Principal: | |
|---|---|
| Formato: | Libro |
| Idioma: | Undetermined |
| Publicado: |
Montevideo :
Editorial Mundo Nuevo,
1925.
|
| Materias: | |
| Etiquetas: |
Agregar Etiqueta
Sin Etiquetas, Sea el primero en etiquetar este registro!
|
| LEADER | 00498nam a22001575a 4500 | ||
|---|---|---|---|
| 001 | EHU.bham046521 | ||
| 005 | 20110512164536.0 | ||
| 008 | 110512s1925####xx############000#0#und#d | ||
| 100 | 1 | |a Benavente, Jacinto. | |
| 245 | 0 | 0 | |a La malquerida : |b Drama en tres actos y en prosa / |c Jacinto Benavente. |
| 260 | |a Montevideo : |b Editorial Mundo Nuevo, |c 1925. | ||
| 300 | |a 63 p. | ||
| 653 | |a Teatro | ||
| 653 | |a Prosa | ||
| 653 | |a Obra teatral | ||
| 859 | |a AR-BHAM |b BIB. HUMANIDADES - Donacion Lejarraga |h MFN000740 |p 000740.19 | ||
